D1 College Basketball Teams in California - Statistics

General Stats
  • This quiz has been taken 57 times
  • The average score is 14 of 25
Answer Stats
Conference Answer % Correct
Big Ten UCLA
89%
ACC California
87%
Big Ten USC
85%
West Coast San Diego
83%
ACC Stanford
83%
Mountain West San Diego State
76%
Big West UC Irvine
70%
Big West UC Davis
65%
Mountain West Fresno State
63%
West Coast San Francisco
59%
Big Sky Sacramento state
57%
Mountain West San Jose State
57%
Big West UCSB
54%
Big West UC San Diego
50%
West Coast Santa Clara
48%
Big West UC Riverside
48%
Big West CSUF
43%
West Coast Pepperdine
41%
Big West Cal Poly
39%
Big West Long Beach State
39%
West Coast Saint Marys
39%
Big West CSUB
35%
Big West CSUN
35%
West Coast LMU
9%
Western Athletic CA Baptist
2%
No matching quizzes found
Score Distribution
Percent of People with Each Score
Percentile by Number Answered
Your Score History
You have not taken this quiz